[Event "Detroit (MOR/3/25)"]
[Site "?"]
[Date "1990.??.??"]
[Round "?"]
[White "Thomas, Willie"]
[Black "Smith, Robert"]
[Result "1-0"]
[WhiteElo "1605"]
[BlackElo "1740"]
[PlyCount "148"]
[EventDate "1990.??.??"]

{3/(25)} 1. d4 Nf6 2. c4 e6 3. Nc3 d5 4. Nf3 Be7 5. Bg5 Nbd7 6. cxd5 exd5 7. e3
h6 8. Bh4 O-O 9. Bd3 b6 10. O-O Bb7 11. Qe2 Ne4 12. Bxe7 Qxe7 13. Rac1 c5 14.
Rfd1 Rfe8 15. Bb5 a6 16. Bd3 cxd4 17. Nxd4 Ndf6 18. Rc2 Qd7 19. Rdc1 Rec8 20.
b3 Nxc3 21. Rxc3 Rxc3 22. Rxc3 Ne4 23. Rc2 Rc8 24. Rxc8+ Qxc8 25. Qc2 Qxc2 26.
Bxc2 b5 27. f3 Nc3 28. a4 bxa4 29. bxa4 Bc8 30. a5 Kf8 31. Kf2 Ke7 32. Kg3 Kd6
33. Bf5 Bb7 34. Kf4 Kc5 35. Ke5 Kb4 36. Bd7 Kxa5 37. Nf5 Kb6 38. Nxg7 Nb5 39.
Kf6 d4 40. exd4 Bd5 41. Nf5 a5 42. Ne3 Be6 43. Bxe6 fxe6 44. Nc4+ Kc7 45. Nxa5
Nxd4 46. Kg6 Nf5 47. Kf6 Kd7 48. Nb3 Ne3 49. g3 Nf1 50. Nc5+ Kd6 51. Nxe6 Nxh2
52. f4 Ng4+ 53. Kf5 Ne3+ 54. Ke4 Kxe6 55. Kxe3 h5 56. Ke4 Kf6 57. Kf3 Kf5 58.
g4+ hxg4+ 59. Kg3 Kf6 60. Kxg4 Kg6 61. f5+ Kf7 62. Kg5 Kg7 63. Kh5 Kf6 64. Kg4
Kf7 65. Kf3 Kf6 66. Kf4 Kf7 67. Ke5 Kg7 68. f6+ Kf8 69. Kf4 Kf7 70. Kf5 Kf8 71.
Ke6 Ke8 72. Ke5 Kf7 73. Kf5 Kf8 74. Kg5 Kf7 1-0

[Event "Detroit (MOR/1a/4)"]
[Site "?"]
[Date "1990.??.??"]
[Round "?"]
[White "Thomas, Willie"]
[Black "Rosenberg, Steve"]
[Result "0-1"]
[WhiteElo "1605"]
[BlackElo "1780"]
[PlyCount "80"]
[EventDate "1990.??.??"]

1. d4 Nf6 2. c4 g6 3. Nc3 Bg7 4. Nf3 d6 5. Bg5 Nbd7 6. e3 O-O 7. Bd3 e5 8. O-O
Qe8 9. Qc2 Qe6 10. d5 Qg4 11. h3 Qh5 12. Rfd1 Nc5 13. Be2 e4 14. Bxf6 Bxf6 15.
Nd2 Qe5 16. Ncxe4 Nxe4 17. f4 Qe7 18. Nxe4 Bxb2 19. Rab1 Bg7 20. Kf2 Re8 21.
Bd3 f5 22. Nd2 Qxe3+ 23. Kf1 Qxf4+ 24. Kg1 Bd4+ 25. Kh1 Re3 26. Rf1 Qg3 27. Nf3
Bf6 28. Qd2 f4 29. Be2 b6 30. Rb3 Rxb3 31. axb3 Bf5 32. Nd4 Be5 33. Nxf5 gxf5
34. Rf3 Qh4 35. Bd3 Rf8 36. Qc2 Bd4 37. Bxf5 Qe1+ 38. Kh2 Bg1+ 39. Kh1 Bf2+ 40.
Kh2 Bg3+ 0-1

[Event "Detroit (MOR/5/47)"]
[Site "?"]
[Date "1990.??.??"]
[Round "?"]
[White "Thomas, Willie"]
[Black "Mikus, B."]
[Result "1-0"]
[WhiteElo "1605"]
[BlackElo "1605"]
[PlyCount "59"]
[EventDate "1990.??.??"]

{5/(47)} 1. d4 d5 2. c4 Nf6 3. Nc3 dxc4 4. Nf3 Nc6 5. Bg5 Nd5 6. e4 Nxc3 7.
bxc3 Qd6 8. Bxc4 Bg4 9. h3 Bh5 10. e5 Qd7 11. Qd3 Bg6 12. Qe3 e6 13. Nh4 Be7
14. Nxg6 Bxg5 15. Qxg5 hxg6 16. Bb5 Rh5 17. Qg3 Qd5 18. Bd3 Rh6 19. O-O Qa5 20.
Be4 Qb5 21. Rab1 Qa6 22. Qf3 g5 23. Rxb7 Nxe5 24. dxe5 Rc8 25. Rd1 f6 26. exf6
Rxf6 27. Qd3 g4 28. Qd7+ Kf8 29. Qxc8+ Kf7 30. Rxc7# 1-0

[Event "Detroit (MOR/7/36)"]
[Site "?"]
[Date "1990.??.??"]
[Round "?"]
[White "Thomas, Willie"]
[Black "Borhani-Azar, C."]
[Result "1-0"]
[WhiteElo "1605"]
[BlackElo "1605"]
[PlyCount "77"]
[EventDate "1990.??.??"]

{7/(36)} 1. d4 d5 2. c4 Bf5 3. Nf3 e6 4. cxd5 exd5 5. Nc3 Nf6 6. Bg5 h6 7. Bh4
Bb4 8. Qb3 Qd6 9. Bxf6 Bxc3+ 10. Qxc3 gxf6 11. e3 a6 12. Bd3 Bg6 13. Rc1 Nc6
14. a3 O-O-O 15. Bxa6 Rhg8 16. Be2 Be4 17. Qc5 Qxc5 18. Rxc5 Ne7 19. O-O Nf5
20. g3 c6 21. Rfc1 h5 22. h4 Bxf3 23. Bxf3 Nxh4 24. Bxh5 Ng6 25. Bf3 Nh4 26.
Bxd5 Rd6 27. Bg2 Kc7 28. gxh4 b6 29. Rxc6+ Rxc6 30. Rxc6+ Kd7 31. Rxf6 Rg6 32.
Rxg6 fxg6 33. e4 Ke6 34. d5+ Ke5 35. f4+ Kxf4 36. d6 Kg3 37. d7 Kxh4 38. d8=Q+
g5 39. Bf3 1-0

[Event "Detroit (MOR/3/5)"]
[Site "?"]
[Date "1990.??.??"]
[Round "?"]
[White "Thomas, Henry"]
[Black "Zubatch, Steve"]
[Result "1-0"]
[WhiteElo "1605"]
[BlackElo "1745"]
[PlyCount "37"]
[EventDate "1990.??.??"]

{3/(5)} 1. e4 g6 2. f4 Bg7 3. Nf3 d6 4. Bc4 e6 5. O-O Nf6 6. Nc3 b6 7. d4 Bb7
8. e5 Nfd7 9. g4 Bxf3 10. Qxf3 d5 11. f5 gxf5 12. gxf5 Bxe5 13. dxe5 Rg8+ 14.
Kh1 Nxe5 15. Bb5+ c6 16. Qf4 Nbd7 17. fxe6 fxe6 18. Bxc6 Rf8 19. Qxf8# 1-0

[Event "Detroit (MOR/7/1)"]
[Site "?"]
[Date "1990.??.??"]
[Round "?"]
[White "Thomas, Henry"]
[Black "Rosenberg, Steve"]
[Result "1-0"]
[WhiteElo "1605"]
[BlackElo "1780"]
[PlyCount "87"]
[EventDate "1990.??.??"]

{7/(1)} 1. e4 Nf6 2. e5 Nd5 3. c4 Nb6 4. d4 d6 5. f4 dxe5 6. fxe5 c5 7. d5 e6
8. Nf3 exd5 9. cxd5 Qxd5 10. Bd3 Bg4 11. Nc3 Qd7 12. O-O Be7 13. Qc2 Bxf3 14.
Rxf3 Qd4+ 15. Kh1 a6 16. Bf4 Nc6 17. e6 fxe6 18. Bg6+ hxg6 19. Qxg6+ Kd7 20.
Rd1 Qxd1+ 21. Nxd1 Nd5 22. Nc3 Nxf4 23. Rxf4 Bd6 24. Rf7+ Ne7 25. Ne4 Raf8 26.
Nxd6 Kxd6 27. Qg3+ Kc6 28. Qf3+ Kd7 29. Rxf8 Rxf8 30. Qxf8 b5 31. Qxg7 c4 32.
Qd4+ Ke8 33. h4 e5 34. Qxe5 Kf7 35. h5 c3 36. bxc3 b4 37. cxb4 a5 38. h6 Ng6
39. Qg7+ Ke6 40. Qxg6+ Ke7 41. h7 a4 42. h8=Q a3 43. Qhh7+ Kd8 44. Qgg8# 1-0

[Event "Detroit (MOR/5/1)"]
[Site "?"]
[Date "1990.??.??"]
[Round "?"]
[White "Thomas, Henry"]
[Black "Robbins, Fred"]
[Result "1-0"]
[WhiteElo "1605"]
[BlackElo "1780"]
[PlyCount "63"]
[EventDate "1990.??.??"]

{5/(1)} 1. e4 d6 2. d4 g6 3. f4 Bg7 4. Nf3 Nd7 5. Bc4 e5 6. dxe5 dxe5 7. fxe5
Bxe5 8. Bxf7+ Kxf7 9. Nxe5+ Ke8 10. O-O Qe7 11. Nxd7 Bxd7 12. Qd4 Bb5 13. c4
Rd8 14. Qxh8 Qc5+ 15. Kh1 Bxc4 16. Nc3 Rd7 17. Nd5 Bxd5 18. exd5 Qxd5 19. Bg5
Rd6 20. Rae1+ Kd7 21. Qxh7+ Kc6 22. Rc1+ Kb5 23. Qxc7 Rd7 24. a4+ Ka6 25. Qc4+
Qxc4 26. Rxc4 b5 27. Rc6+ Ka5 28. axb5 Kxb5 29. Rxg6 Kb4 30. Rxg8 Kb3 31. Rb8+
Kc2 32. Rc1+ 1-0

[Event "Detroit (MOR/2/8)"]
[Site "?"]
[Date "1990.??.??"]
[Round "?"]
[White "Thomas, Henry"]
[Black "Bolda, M."]
[Result "1-0"]
[WhiteElo "1605"]
[BlackElo "1765"]
[PlyCount "51"]
[EventDate "1990.??.??"]

{2/(8)} 1. e4 d5 2. exd5 Nf6 3. d4 Nxd5 4. c4 Nb6 5. Nc3 Bf5 6. Nf3 e6 7. Bd3
Bxd3 8. Qxd3 Nc6 9. O-O h6 10. Rd1 Be7 11. a3 Na5 12. c5 Nd5 13. Nxd5 exd5 14.
Ne5 Nc6 15. Qb5 a6 16. Qa4 O-O 17. Nxc6 bxc6 18. Qxc6 Bf6 19. Bf4 Ra7 20. Be5
Bxe5 21. dxe5 d4 22. Rd3 Re8 23. f4 Re6 24. Qe4 c6 25. f5 Re8 26. Rxd4 1-0

[Event "Detroit (MI Op/6/22)"]
[Site "?"]
[Date "1990.??.??"]
[Round "?"]
[White "Thomas, C."]
[Black "Zacks, Naum"]
[Result "1-0"]
[WhiteElo "2145"]
[BlackElo "1895"]
[PlyCount "93"]
[EventDate "1990.??.??"]

{6/(22)} 1. e4 Nf6 2. e5 Nd5 3. c4 Nb6 4. c5 Nd5 5. Bc4 e6 6. d4 d6 7. exd6
cxd6 8. Bxd5 exd5 9. Nc3 Be6 10. Qa4+ Qd7 11. Nb5 Na6 12. cxd6 Rc8 13. b3 Bf5
14. Ne2 Bd3 15. Nec3 Rxc3 16. Nxc3 Qxa4 17. Nxa4 Bxd6 18. Kd2 Be4 19. f3 Bg6
20. Bb2 Kd7 21. g3 b5 22. Nc3 Nc7 23. Rhe1 h5 24. Ne2 h4 25. Rh1 Ne6 26. Ke3
Ng5 27. Kf2 b4 28. Rae1 Rc8 29. Rc1 Re8 30. Rhe1 Rh8 31. Kg2 Ne6 32. Ng1 Ng5
33. Re2 Bf5 34. g4 Bd3 35. Re3 Bg6 36. Rce1 Ne6 37. Nh3 Rc8 38. R1e2 Bf4 39.
Rxe6 fxe6 40. Nxf4 Bf7 41. Nd3 a5 42. Nc5+ Ke7 43. Bc1 Kf6 44. Bf4 Rc6 45. Be5+
Kg6 46. f4 Bg8 47. Kh3 1-0

[Event "Detroit (MI Op/2/30)"]
[Site "?"]
[Date "1990.??.??"]
[Round "?"]
[White "Thomas, C."]
[Black "Sanborn, Richard"]
[Result "0-1"]
[WhiteElo "2145"]
[BlackElo "1885"]
[PlyCount "72"]
[EventDate "1990.??.??"]

{2/(30)} 1. e4 c5 2. Nf3 d6 3. d4 cxd4 4. Nxd4 Nf6 5. Nc3 a6 6. Bg5 e6 7. Qf3
Be7 8. O-O-O Qc7 9. g4 b5 10. Bd3 b4 11. Nce2 Bb7 12. Rhg1 Nc6 13. Nxc6 Bxc6
14. Qe3 a5 15. Nd4 O-O 16. Bxf6 Bxf6 17. g5 Be7 18. Nxc6 Qxc6 19. e5 g6 20. Rg4
Qc5 21. Qxc5 dxc5 22. h4 a4 23. Be4 Ra7 24. Bc6 Rc8 25. Bb5 Rb8 26. Bc4 Rd8 27.
Rgg1 Rad7 28. f4 Rd4 29. Rxd4 Rxd4 30. b3 Rxf4 31. Rh1 axb3 32. axb3 Rxh4 33.
Rg1 Re4 34. Kd2 Rxe5 35. Kd3 Bxg5 36. Rg3 h5 0-1

[Event "Detroit (MI Op/3/38)"]
[Site "?"]
[Date "1990.??.??"]
[Round "?"]
[White "Thomas, C."]
[Black "Libby, Dan"]
[Result "1/2-1/2"]
[WhiteElo "2145"]
[BlackElo "1695"]
[PlyCount "178"]
[EventDate "1990.??.??"]

{3/(38)} 1. e4 d6 2. d4 Nf6 3. Nc3 g6 4. f3 Bg7 5. Be3 c6 6. Qd2 h5 7. Bd3 b5
8. b4 a5 9. bxa5 Qxa5 10. a4 Nfd7 11. Nge2 Nb6 12. O-O Nxa4 13. Rfb1 O-O 14.
Bxb5 cxb5 15. Rxb5 Qc7 16. Rxa4 Rxa4 17. Nxa4 Bd7 18. Rb4 Na6 19. Rb6 Bxa4 20.
Rxa6 Qxc2 21. Qxc2 Bxc2 22. Rc6 Bd3 23. Nc1 Bb5 24. Rc7 e6 25. Rb7 Ba4 26. Rb6
Rd8 27. Kf2 d5 28. e5 Rc8 29. Rb2 Rc2+ 30. Rxc2 Bxc2 31. Ke2 Ba4 32. Kd2 f6 33.
exf6 Bxf6 34. f4 Bd8 35. Nd3 Ba5+ 36. Kc1 Kf7 37. Nc5 Bb5 38. Kc2 Bf1 39. g3
Bh3 40. Kb3 Bd8 41. Kb4 h4 42. Kb5 hxg3 43. hxg3 Kf6 44. Kc6 Ke7 45. Bd2 Kf7
46. Nb7 Be7 47. Ba5 g5 48. Bc7 gxf4 49. Bxf4 Bg4 50. Be5 Bf5 51. Kd7 Bg4 52.
Nc5 Bf5 53. Kc6 Bg4 54. Nd7 Bf5 55. Bh8 Kg8 56. Bf6 Bxf6 57. Nxf6+ Kf7 58. Nd7
Kg6 59. Kd6 Kf7 60. g4 Be4 61. Ne5+ Kf6 62. g5+ Kxg5 63. Kxe6 Kf4 64. Kd6 Kf5
65. Nd7 Bg2 66. Nb6 Kf6 67. Nxd5+ Kf7 68. Ke5 Ke8 69. Nf6+ Ke7 70. Ne4 Bxe4 71.
Kxe4 Ke6 72. Kf4 Kd5 73. Ke3 Kd6 74. Kd2 Kd5 75. Kd3 Kd6 76. Ke4 Ke6 77. d5+
Kd6 78. Kd4 Kd7 79. Kc5 Kc7 80. Kd4 Kd6 81. Kc4 Kd7 82. Kc5 Kc7 83. d6+ Kd7 84.
Kd5 Kd8 85. Ke4 Kd7 86. Kd5 Kd8 87. Ke6 Ke8 88. Kf6 Kd7 89. Ke5 Kd8 1/2-1/2

[Event "Flint (Class DEU/4)"]
[Site "?"]
[Date "1990.??.??"]
[Round "?"]
[White "Thibeault, T."]
[Black "Wahowiak, D."]
[Result "1/2-1/2"]
[WhiteElo "1605"]
[BlackElo "1605"]
[PlyCount "106"]
[EventDate "1990.??.??"]

1. e4 e6 2. d3 d5 3. Nc3 d4 4. Nce2 c5 5. Nf3 Nc6 6. g3 e5 7. c3 Bg4 8. Bg2 Nf6
9. Bg5 h6 10. Bd2 Be7 11. Nc1 O-O 12. Qb3 b6 13. cxd4 cxd4 14. O-O Bd6 15. a3
Kh8 16. Na2 Qe7 17. Rac1 Rfc8 18. Nh4 Qd7 19. Nf5 Bxf5 20. exf5 Rc7 21. Bxc6
Rxc6 22. Rxc6 Qxc6 23. Qxf7 Rf8 24. Qg6 Qe8 25. f3 Qxg6 26. fxg6 Rc8 27. Rc1
Rxc1+ 28. Nxc1 Kg8 29. Ne2 Kf8 30. g4 Ke7 31. Bc1 Nd7 32. h4 Nc5 33. b4 Nxd3
34. Bd2 Nb2 35. Ng3 Kf8 36. Kf2 Nc4 37. Ke2 Nxd2 38. Kxd2 a5 39. bxa5 bxa5 40.
a4 Be7 41. Nf5 Bb4+ 42. Kd3 Be7 43. h5 Bb4 44. Ke4 Bc5 45. Ng3 Ke7 46. Ne2 Kf6
47. Nc1 Ke6 48. Nb3 Bb4 49. f4 exf4 50. Nxd4+ Kf6 51. Kxf4 Bd2+ 52. Ke4 Bc3 53.
Nc6 Kg5 1/2-1/2

[Event "Lansing (MI Am/2/45)"]
[Site "?"]
[Date "1990.??.??"]
[Round "?"]
[White "Thibeault, T."]
[Black "Vangilder, K."]
[Result "1-0"]
[WhiteElo "1605"]
[BlackElo "1605"]
[PlyCount "49"]
[EventDate "1990.??.??"]

{2/(45)} 1. e4 e5 2. Nf3 Nc6 3. d4 Bb4+ 4. Nc3 d6 5. Bb5 Nf6 6. Bg5 Bg4 7. d5
a6 8. dxc6 axb5 9. Bxf6 Qxf6 10. cxb7 Rb8 11. Qd5 Bxf3 12. Qxb5+ c6 13. Qxc6+
Ke7 14. gxf3 Qxf3 15. Rg1 Bxc3+ 16. bxc3 Rhd8 17. Rd1 f5 18. Rxg7+ Kf6 19. Rxh7
fxe4 20. Rxd6+ Rxd6 21. Qxd6+ Kf5 22. Rf7+ Kg4 23. Rxf3 Kxf3 24. Qxb8 e3 25.
fxe3 1-0

[Event "Flint (Class DEU/2)"]
[Site "?"]
[Date "1990.??.??"]
[Round "?"]
[White "Thibeault, T."]
[Black "Shelters, Richard"]
[Result "1-0"]
[WhiteElo "1605"]
[BlackElo "1605"]
[PlyCount "115"]
[EventDate "1990.??.??"]

1. e4 e5 2. Nf3 Nc6 3. d3 Bc5 4. Be2 Nf6 5. O-O a5 6. Bg5 h6 7. Bh4 O-O 8. Nc3
Be7 9. Bg3 d6 10. d4 Nh5 11. d5 Nxg3 12. fxg3 Nb4 13. a3 Na6 14. Rf2 Nc5 15.
Nd2 Bd7 16. a4 c6 17. b3 Bg5 18. Bd3 Be3 19. Qf3 Bxf2+ 20. Qxf2 Bg4 21. Bc4 Nd7
22. Nf3 Nf6 23. Nh4 Qd7 24. dxc6 Qxc6 25. Nd5 Nxd5 26. Bxd5 Qc5 27. Rf1 Be2 28.
Rc1 Rab8 29. Re1 Qxf2+ 30. Kxf2 Bh5 31. h3 b6 32. g4 Bg6 33. Nxg6 Rfd8 34. Ne7+
Kh7 35. Nc6 Rbc8 36. Nxd8 Rxd8 37. Bxf7 Rf8 38. Ke3 Rxf7 39. Rd1 Rd7 40. Rd5
Kg6 41. Kd3 Kg5 42. g3 Kf6 43. Kc4 Rc7+ 44. Kb5 Rxc2 45. Kxb6 Ke6 46. Kxa5 Re2
47. Rd1 Rxe4 48. b4 Rd4 49. Rc1 e4 50. b5 Rd5 51. Ka6 e3 52. b6 Kf6 53. b7 e2
54. b8=Q Rd1 55. Qb2+ Kg5 56. Qb5+ Kf6 57. Qf5+ Ke7 58. Rc7+ 1-0

[Event "Lansing (Mini-Swiss.5/2)"]
[Site "?"]
[Date "1990.??.??"]
[Round "?"]
[White "Thibeault, T."]
[Black "Sells, P."]
[Result "0-1"]
[WhiteElo "1605"]
[BlackElo "1605"]
[PlyCount "106"]
[EventDate "1990.??.??"]

{5/(2)} 1. e4 e5 2. Nf3 Nc6 3. Bc4 Bc5 4. Nc3 Nf6 5. d3 h6 6. a3 O-O 7. Qe2 d6
8. h3 Re8 9. Be3 Bxe3 10. Qxe3 Be6 11. Nd2 d5 12. exd5 Nxd5 13. Nxd5 Bxd5 14.
Qc5 Bxc4 15. Nxc4 Qg5 16. Qe3 Qxe3+ 17. Nxe3 Rad8 18. O-O-O Re6 19. g3 Nd4 20.
c3 Nf3 21. Nc2 Red6 22. d4 exd4 23. cxd4 Nxd4 24. Nxd4 Rxd4 25. Rde1 Kf8 26.
Re2 h5 27. g4 Re8 28. Rd2 Ree4 29. f3 Rc4+ 30. Kb1 Re3 31. Rd8+ Ke7 32. Rh8
hxg4 33. fxg4 Re2 34. Rc1 Rxc1+ 35. Kxc1 c5 36. g5 c4 37. h4 f5 38. h5 f4 39.
h6 gxh6 40. gxh6 f3 41. Rh7+ Kf8 42. Rd7 f2 43. h7 f1=Q+ 44. Rd1 Qxd1+ 45. Kxd1
Rh2 46. Kc1 Kg7 47. h8=Q+ Kxh8 48. Kb1 b5 49. a4 bxa4 50. Ka2 c3 51. Kb1 Rxb2+
52. Kc1 a3 53. Kd1 a2 0-1

[Event "Lansing (MI Am/4/39)"]
[Site "?"]
[Date "1990.??.??"]
[Round "?"]
[White "Thibeault, T."]
[Black "Randall, Paul"]
[Result "0-1"]
[WhiteElo "1605"]
[BlackElo "1605"]
[PlyCount "90"]
[EventDate "1990.??.??"]

{4/(39)} 1. e4 c5 2. Nf3 Nc6 3. Nc3 d6 4. Bb5 Bd7 5. Bxc6 Bxc6 6. d4 cxd4 7.
Nxd4 e5 8. Nf3 Nf6 9. Bg5 Be7 10. Bxf6 Bxf6 11. O-O O-O 12. Nd5 Rc8 13. c3 h6
14. Qd2 Bxd5 15. Qxd5 Qd7 16. h3 Rc5 17. Qd3 Rfc8 18. Rac1 d5 19. b3 d4 20. c4
b5 21. a3 bxc4 22. Rxc4 Rxc4 23. bxc4 Qa4 24. Nd2 Bg5 25. Rc1 Bxd2 26. Qxd2
Qxa3 27. Qc2 d3 28. Qc3 Qxc3 29. Rxc3 d2 30. Rd3 Rxc4 31. Rd8+ Kh7 32. Rxd2
Rxe4 33. Rd7 f6 34. Rxa7 h5 35. f3 Rf4 36. Kf2 h4 37. g3 hxg3+ 38. Kxg3 Kh6 39.
Ra8 Kg5 40. Rh8 Kf5 41. Rh5+ g5 42. h4 Rxh4 43. Rxh4 gxh4+ 44. Kxh4 Kf4 45. Kh5
f5 0-1

[Event "Lansing (Mini-Swiss.3/3)"]
[Site "?"]
[Date "1990.??.??"]
[Round "?"]
[White "Thibeault, T."]
[Black "Needleman, Andrew"]
[Result "1/2-1/2"]
[WhiteElo "1605"]
[BlackElo "1605"]
[PlyCount "40"]
[EventDate "1990.??.??"]

{3/(3)} 1. e4 c6 2. Nc3 d5 3. h3 dxe4 4. Nxe4 Bf5 5. Qf3 Bxe4 6. Qxe4 Nf6 7.
Qf3 e6 8. a3 Be7 9. Bc4 Nbd7 10. d3 Nb6 11. Ne2 Nxc4 12. dxc4 O-O 13. Qg3 Ne4
14. Qg4 Qa5+ 15. c3 Nd6 16. O-O Bf6 17. h4 Qf5 18. Qxf5 Nxf5 19. g3 Rad8 20.
Nf4 Rd7 1/2-1/2

[Event "Lansing (Feb)"]
[Site "?"]
[Date "1990.??.??"]
[Round "?"]
[White "Thibeault, T."]
[Black "Lenning, B."]
[Result "1/2-1/2"]
[WhiteElo "1605"]
[BlackElo "1605"]
[PlyCount "88"]
[EventDate "1990.??.??"]

1. e4 c6 2. Nc3 d5 3. exd5 cxd5 4. d4 Bf5 5. Bd3 Bxd3 6. Qxd3 e6 7. Nf3 Nc6 8.
O-O Nf6 9. Bg5 Be7 10. Rfe1 O-O 11. Ne5 Nb4 12. Qe2 Qb6 13. Bxf6 Bxf6 14. Nd7
Qxd4 15. Nxf8 Kxf8 16. a3 Nc6 17. Rad1 Qc5 18. Qd3 g6 19. Na4 Qd6 20. Qe3 b5
21. Qc5 Qxc5 22. Nxc5 Bxb2 23. Rd3 b4 24. a4 Nd4 25. Rb1 Bc3 26. Na6 Nc6 27.
Rh3 Kg7 28. Rd1 Rc8 29. Rdd3 Nd4 30. Nxb4 Ne2+ 31. Kf1 Bxb4 32. Kxe2 Rxc2+ 33.
Kf3 Ra2 34. Rd4 Bc5 35. Rdh4 Bxf2 36. Rxh7+ Kf6 37. a5 Be1 38. g4 Rxa5 39. g5+
Kxg5 40. Rxf7 Ra3+ 41. Kg2 Ra2+ 42. Kf3 Ra3+ 43. Kg2 Ra2+ 44. Kf3 Ra3+ 1/2-1/2

[Event "Lansing (Mini-Swiss.3/1)"]
[Site "?"]
[Date "1990.??.??"]
[Round "?"]
[White "Thibeault, T."]
[Black "Krzyston, Joe"]
[Result "1-0"]
[WhiteElo "1605"]
[BlackElo "1605"]
[PlyCount "119"]
[EventDate "1990.??.??"]

{3/(1)} 1. e4 e5 2. Nf3 d5 3. exd5 e4 4. Qe2 Nf6 5. Nc3 Be7 6. Nxe4 Nxd5 7. a3
O-O 8. Qc4 Re8 9. Be2 Be6 10. Qd3 Nf4 11. Qxd8 Bxd8 12. g3 Nh3 13. d3 c6 14.
Nc5 Bd5 15. Kf1 Bb6 16. b4 a5 17. Bb2 axb4 18. axb4 Rxa1+ 19. Bxa1 Re7 20. c4
Be6 21. Nxe6 Rxe6 22. Bd4 Nd7 23. Bxb6 Nxb6 24. Bd1 Re8 25. Kg2 Rd8 26. Re1 f6
27. Kxh3 Rxd3 28. Kg2 Nxc4 29. Bc2 Rd7 30. Bb3 b5 31. Re4 Kf8 32. Bxc4 f5 33.
Rd4 Ke7 34. Rxd7+ Kxd7 35. Bd3 Kd6 36. Bxf5 h6 37. Kf1 Kd5 38. Nd2 Kd4 39. Bd7
Kc3 40. Bxc6 Kxb4 41. Ke2 Kc5 42. Bxb5 Kxb5 43. Ke3 Kc5 44. Ke4 Kd6 45. Kf5 Ke7
46. Kg6 Kf8 47. Ne4 Kg8 48. f4 Kf8 49. f5 Kg8 50. f6 gxf6 51. Kxh6 Kf7 52. Nd6+
Ke6 53. Kg6 Ke7 54. Kg7 Ke6 55. h4 f5 56. h5 Kxd6 57. h6 Ke5 58. h7 Ke4 59.
h8=Q Kf3 60. Qh3 1-0

[Event "Lansing (Apr)"]
[Site "?"]
[Date "1990.??.??"]
[Round "?"]
[White "Thibeault, T."]
[Black "Dakins, J."]
[Result "1-0"]
[WhiteElo "1605"]
[BlackElo "1605"]
[PlyCount "163"]
[EventDate "1990.??.??"]

1. e4 e5 2. Nf3 Nc6 3. Bc4 Bc5 4. O-O Nf6 5. d3 h6 6. a3 d6 7. h3 O-O 8. Nc3 a6
9. b4 Ba7 10. Bb2 b5 11. Ba2 Re8 12. Nd5 Bb7 13. Re1 Rb8 14. c3 Nxd5 15. Bxd5
Ne7 16. Ba2 Bc8 17. Bc1 Ng6 18. c4 c5 19. Be3 Be6 20. cxb5 Bxa2 21. bxc5 dxc5
22. Rxa2 axb5 23. a4 b4 24. Qb3 Qe7 25. Qc4 Rec8 26. Rb2 Kf8 27. Rd1 f6 28. Nd2
Rc7 29. a5 Rbc8 30. a6 Qf7 31. Ra1 Ne7 32. Nb3 Qxc4 33. dxc4 f5 34. f3 f4 35.
Bf2 g5 36. Na5 Rd7 37. Nb3 Kf7 38. Rd2 Rxd2 39. Nxd2 Nc6 40. Nb3 Nd4 41. Na5
Ke6 42. Rb1 h5 43. Rb2 h4 44. Nb7 Kd7 45. Na5 Kc7 46. Nb3 Kb6 47. Nxd4 cxd4 48.
Rxb4+ Kxa6 49. Rb5 Bc5 50. Kf1 Bd6 51. Rd5 Rc6 52. Ke2 Kb7 53. Kd3 Kc8 54. Ra5
Kd7 55. Ra8 Ke6 56. Rg8 Be7 57. Be1 Rb6 58. c5 Rb3+ 59. Kc4 Rc3+ 60. Bxc3 dxc3
61. Kxc3 Bxc5 62. Rxg5 Bf2 63. Rg4 Kf6 64. Kd3 Ke6 65. Ke2 Bg3 66. Rg6+ Kd7 67.
Kd3 Ke7 68. Kc4 Kf7 69. Ra6 Ke7 70. Kd5 Bf2 71. Kxe5 Be3 72. Rh6 Bf2 73. Rh7+
Kf8 74. Kf6 Kg8 75. Rb7 Be1 76. Kg6 Kf8 77. Rf7+ Ke8 78. Rxf4 Ke7 79. Kh5 Ke6
80. Rxh4 Bxh4 81. Kxh4 Ke5 82. Kg5 1-0

[Event "Lansing (Apr)"]
[Site "?"]
[Date "1990.??.??"]
[Round "?"]
[White "Thibeault, T."]
[Black "Asbury, Victor"]
[Result "0-1"]
[WhiteElo "1605"]
[BlackElo "1605"]
[PlyCount "58"]
[EventDate "1990.??.??"]

1. e4 c5 2. Nf3 Nc6 3. Bb5 Qb6 4. Nc3 a6 5. Nd5 Qd8 6. Bxc6 bxc6 7. Nc3 e6 8.
O-O g6 9. d3 Bg7 10. Ne2 Ne7 11. c3 O-O 12. d4 cxd4 13. cxd4 d5 14. e5 f6 15.
exf6 Bxf6 16. Ng5 Nf5 17. Nf4 Bxg5 18. Nxe6 Bxe6 19. Be3 Nxe3 20. fxe3 Bxe3+
21. Kh1 Rxf1+ 22. Qxf1 Bxd4 23. Qe2 Bf5 24. Re1 Be4 25. b3 Qg5 26. Rd1 c5 27.
b4 Rf8 28. Rxd4 cxd4 29. Kg1 Qc1+ 0-1

[Event "Detroit (MCO/4/28)"]
[Site "?"]
[Date "1990.??.??"]
[Round "?"]
[White "Taylor, D."]
[Black "Wilson, L."]
[Result "0-1"]
[WhiteElo "1605"]
[BlackElo "1605"]
[PlyCount "56"]
[EventDate "1990.??.??"]

{4/(28)} 1. d4 g6 2. Bd2 Bh6 3. d5 c5 4. Bc3 Nf6 5. Nf3 d6 6. Na3 O-O 7. Qd3 a6
8. e3 b5 9. Be2 Bf5 10. Qd1 b4 11. O-O bxc3 12. bxc3 Nbd7 13. Qb1 Nxd5 14. Qb3
e6 15. c4 Rb8 16. Qa4 Nc3 17. Qxa6 Nxe2+ 18. Kh1 Ne5 19. Rfd1 Rb6 20. Qa5 Nxf3
21. gxf3 Bg7 22. Rac1 Nxc1 23. Rxc1 Rb1 24. Qd2 Rxc1+ 25. Qxc1 Qa8 26. h4 Qxf3+
27. Kg1 Be4 28. Qf1 Qh1# 0-1

[Event "Detroit (MCO/2/29)"]
[Site "?"]
[Date "1990.??.??"]
[Round "?"]
[White "Taylor, D."]
[Black "Walker, LeRoy"]
[Result "0-1"]
[WhiteElo "1605"]
[BlackElo "1605"]
[PlyCount "38"]
[EventDate "1990.??.??"]

{2/(29)} 1. d4 d5 2. Qd2 g6 3. Qd3 Bf5 4. Qf3 Bxc2 5. Qa3 e5 6. dxe5 Bxa3 7.
bxa3 Bxb1 8. Rxb1 b6 9. Nf3 Ne7 10. Ng5 Nf5 11. e6 fxe6 12. Nxe6 Qe7 13. Nxc7+
Qxc7 14. e3 Qc2 15. Rb2 Qxc1+ 16. Ke2 Qxb2+ 17. Kf3 O-O 18. Kg4 Qxf2 19. h4
Qg3# 0-1

[Event "Detroit (MCO/4/18)"]
[Site "?"]
[Date "1990.??.??"]
[Round "?"]
[White "Tata, R."]
[Black "Stancil, Rod"]
[Result "0-1"]
[WhiteElo "1605"]
[BlackElo "1770"]
[PlyCount "122"]
[EventDate "1990.??.??"]

{4/(18)} 1. e4 Nf6 2. e5 Nd5 3. d4 d6 4. exd6 cxd6 5. c4 Nb6 6. Nc3 g6 7. Be3
Bg7 8. h3 Nc6 9. Nf3 O-O 10. Bd3 Nb4 11. Be2 Bf5 12. Rc1 Rc8 13. a3 Nc6 14. Bd3
Bxd3 15. Qxd3 Na5 16. Nd5 Naxc4 17. Nxb6 Nxb6 18. O-O Qd7 19. b3 Nd5 20. Bd2 b5
21. Rxc8 Rxc8 22. Rc1 Rxc1+ 23. Bxc1 b4 24. a4 Qc7 25. Bd2 Nc3 26. Ne1 a5 27.
Bxc3 Qxc3 28. Qxc3 bxc3 29. Nc2 Kf8 30. Kf1 Ke8 31. Ke2 e5 32. dxe5 Bxe5 33.
Kd3 d5 34. b4 axb4 35. Nxb4 d4 36. a5 Kd7 37. a6 Kc7 38. Ke4 Bd6 39. a7 Kb7 40.
a8=Q+ Kxa8 41. Nc2 Bc5 42. Kd3 Kb7 43. Kc4 Kb6 44. Kd3 Kc6 45. Ne1 h5 46. g4
hxg4 47. hxg4 Kd5 48. Ng2 g5 49. f3 Ke5 50. Kc2 f5 51. gxf5 Kxf5 52. Kd3 g4 53.
fxg4+ Kxg4 54. Ne1 Kf4 55. Ng2+ Kf3 56. Ne1+ Kf2 57. Nc2 Kf1 58. Na1 Ke1 59.
Nb3 Bb6 60. Nc1 Kd1 61. Ne2 c2 0-1

[Event "Detroit (MCO/1/19)"]
[Site "?"]
[Date "1990.??.??"]
[Round "?"]
[White "Tata, R."]
[Black "Bemben, R."]
[Result "1/2-1/2"]
[WhiteElo "1605"]
[BlackElo "1895"]
[PlyCount "40"]
[EventDate "1990.??.??"]

{1/(19)} 1. e4 c5 2. Nf3 Nc6 3. d4 cxd4 4. c3 g6 5. cxd4 Bg7 6. Be3 Nf6 7. Nc3
O-O 8. Bc4 d6 9. O-O Qa5 10. h3 Bd7 11. Qb3 h6 12. Rfd1 Qb4 13. e5 Qxb3 14.
Bxb3 Ne8 15. a3 b6 16. Rac1 dxe5 17. dxe5 Be6 18. Nd5 Nxe5 19. Nxe5 Bxe5 20.
Nxe7+ Kg7 1/2-1/2

[Event "Detroit (MOR/2/27)"]
[Site "?"]
[Date "1990.??.??"]
[Round "?"]
[White "Tanner, M."]
[Black "Troupe, D."]
[Result "0-1"]
[WhiteElo "1655"]
[BlackElo "1605"]
[PlyCount "76"]
[EventDate "1990.??.??"]

{2/(27)} 1. e4 d5 2. exd5 Nf6 3. d4 Nxd5 4. c4 Nb6 5. h3 Bf5 6. Nf3 e6 7. a3
Be7 8. Nc3 O-O 9. Be2 c6 10. Bf4 N8d7 11. O-O Nf6 12. b4 Ne4 13. Qb3 Ng5 14.
Nxg5 Bxg5 15. Bxg5 Qxg5 16. Kh2 Qf4+ 17. g3 Qxd4 18. Rad1 Qf6 19. c5 Nd5 20.
Nxd5 exd5 21. f4 Rfe8 22. Bf3 Be4 23. Kg2 Qf5 24. Rde1 Bxf3+ 25. Qxf3 Rxe1 26.
Rxe1 Qd7 27. Qe3 Kf8 28. Qd4 Re8 29. Rxe8+ Qxe8 30. Kf3 f5 31. Qe5 Qxe5 32.
fxe5 Ke7 33. Kf4 Ke6 34. g4 fxg4 35. hxg4 h6 36. a4 g5+ 37. Ke3 Kxe5 38. b5 a5
0-1